| 000 | 01155pam a2200313 a 4500 | ||
|---|---|---|---|
| 001 | 4000435 | ||
| 003 | OSt | ||
| 005 | 20150209150038.0 | ||
| 008 | 961011s1997 paua 001 0 eng c | ||
| 010 | _a 96047450 | ||
| 020 | _a0874348862 (alk. paper) | ||
| 040 |
_aDNLM/DLC _cDLC _dDLC |
||
| 050 | 0 | 0 |
_aRC630 _b.F596 1997 |
| 060 | 1 | 0 | _aWD 220 F6462 1997 |
| 082 | 0 | 0 |
_aWD 220 F673 1997 _221 |
| 245 | 0 | 0 | _aFluids & electrolytes made incredibly easy. |
| 246 | 3 | _aFluids and electrolytes made incredibly easy | |
| 260 |
_aSpringhouse, Pa. : _bSpringhouse Corp., _cc1997. |
||
| 300 |
_avi, 321 p. : _bcol. ill. ; _c24 cm. |
||
| 500 | _aIncludes index. | ||
| 650 | 0 |
_aWater-electrolyte imbalances. _92730 |
|
| 650 | 0 |
_aBody fluid disorders. _92731 |
|
| 650 | 1 | 2 |
_aWater-Electrolyte Imbalance _xnurses' instruction. _92732 |
| 650 | 2 | 2 |
_aWater-Electrolyte Balance _xnurses' instruction. _92733 |
| 710 | 2 |
_aSpringhouse Corporation. _91933 |
|
| 906 |
_a7 _bcbc _corignew _d1 _eocip _f19 _gy-gencatlg |
||
| 942 |
_2z _cSLOAN |
||
| 999 |
_c1017 _d1017 |
||